Ordinary differential equations / (Record no. 7382)
[ view plain ]
| 000 -LEADER | |
|---|---|
| fixed length control field | 00970cam a2200277I 4500 |
| 001 - CONTROL NUMBER | |
| control field | 7382 |
| 003 - CONTROL NUMBER IDENTIFIER | |
| rucl marc code | BD-RjUL |
| 005 - DATE AND TIME OF LATEST TRANSACTION | |
| control field | 20211208234415.0 |
| 008 - FIXED-LENGTH DATA ELEMENTS--GENERAL INFORMATION | |
| fixed length control field | 130114s1962 maua 000 0 enge |
| 035 ## - SYSTEM CONTROL NUMBER | |
| System control number | MITb10184023 |
| System control number | (OCoLC)00529621 |
| -- | (BD-RjUL)7425 |
| System control number | GLIS00184023 |
| 040 ## - CATALOGING SOURCE | |
| Original cataloging agency | DLC |
| Transcribing agency | WSU |
| Modifying agency | OCL |
| -- | SER |
| -- | MYG |
| -- | BD-RjUL |
| Language of cataloging | eng |
| 041 1# - LANGUAGE CODE | |
| Language code of text/sound track or separate title | eng |
| Language code of original | rus |
| 082 04 - DEWEY DECIMAL CLASSIFICATION NUMBER | |
| Edition number | 18 |
| Classification number | 515.35 |
| Author mark and year | POO 1962 |
| 090 ## - LOCALLY ASSIGNED LC-TYPE CALL NUMBER (OCLC); LOCAL CALL NUMBER (OCLC) | |
| Classification number (OCLC) (R) ; Classification number, CALL (RLIN) (NR) | QA372 |
| Local cutter number (OCLC) ; Book number/undivided call number, CALL (RLIN) | .P818 |
| 099 ## - LOCAL FREE-TEXT CALL NUMBER (OCLC) | |
| Bangla Class number | QA372.P818 |
| 100 1# - MAIN ENTRY--PERSONAL NAME | |
| Personal name | Pontryagin, L. S. |
| Fuller form of name | (Lev Semenovich), |
| Dates associated with a name | 1908-1988. |
| 9 (RLIN) | 23065 |
| 245 10 - TITLE STATEMENT | |
| Title | Ordinary differential equations / |
| Statement of responsibility, etc. | L S Pontryagin; Translated from the Russian by Leonas Kacinskas and Walter B. Counts. |
| 260 ## - PUBLICATION, DISTRIBUTION, ETC. (IMPRINT) | |
| Place of publication, distribution, etc. | Reading, Mass. : |
| Name of publisher, distributor, etc. | Addison-Wesley Pub. Co., |
| Date of publication, distribution, etc. | c1962. |
| 300 ## - PHYSICAL DESCRIPTION | |
| Pagination | vi, 298 p. : |
| Illustrations | illus. ; |
| Size | 24 cm. |
| 490 1# - SERIES STATEMENT | |
| Series statement | Adiwes international series in mathematics |
| 650 #0 - SUBJECT ADDED ENTRY--TOPICAL TERM | |
| Topical term or geographic name as entry element | Differential equations. |
| 9 (RLIN) | 23066 |
| 830 #0 - SERIES ADDED ENTRY--UNIFORM TITLE | |
| Uniform title | Adiwes international series in mathematics. |
| 942 ## - ADDED ENTRY ELEMENTS (KOHA) | |
| Source of classification or shelving scheme | Dewey Decimal Classification |
| Koha item type | Books |
| Lost status | Source of classification or shelving scheme | Damaged status | Not for loan | Permanent Location | Current Location | Date acquired | Source of acquisition | Cost, normal purchase price | Total Checkouts | Full call number | Date last seen | Copy number | Koha item type | Collection code | Shelving location |
|---|---|---|---|---|---|---|---|---|---|---|---|---|---|---|---|
| Dewey Decimal Classification | Not For Loan | Central Library, University of Rajshahi | Central Library, University of Rajshahi | 13/11/1963 | Zeitlinger | 66.00 | 515.35 POO 1962 | 13/01/2014 | C-1 | Books | |||||
| Dewey Decimal Classification | Central Library, University of Rajshahi | Central Library, University of Rajshahi | 08/01/1979 | W.U.S | 515.35 POO 1962 | 31/08/2016 | C-2 | Books | Non-fiction |